Funcionarios ejemplares carc̀ter y liderazgo en la Administracin̤ espaǫla /

Detalles Bibliográficos
Autor principal: Moreno de Tejada Clemente de Diego, Alberto
Autor Corporativo: Instituto Nacional de Administracin̤ Pb︢lica (Espaą)
Formato: eBook
Lenguaje:español
Publicado: Madrid : Instituto Nacional de Administracin̤ Pb︢lica (INAP), 2013
Materias:
Acceso en línea:Acceso restringido

MARC

LEADER 00000nam a2200000 a 4500
005 20131009184832.0
007 cr |||||||||||
008 131001s2013 sp |||||s|||||||||||spa c
020 |a 9788470888595 
035 |a 11553 
040 |d vLex 
090 |c 4535  |d 4535 
100 1 |a Moreno de Tejada Clemente de Diego, Alberto 
245 1 0 |a Funcionarios ejemplares  |h [Recurso electrn̤ico] :  |b carc̀ter y liderazgo en la Administracin̤ espaǫla /  |c Alberto Moreno de Tejada Clemente de Diego 
256 |a Servicio en ln̕ea 
260 |a Madrid :  |b Instituto Nacional de Administracin̤ Pb︢lica (INAP),  |c 2013 
300 |a 1 recurso electrn̤ico (227 p.) 
506 1 |a Contenido solo disponible en los productos indicados  |d vLex Global  |d vLex Global (Academic Edition, excluding Law Schools)  |d vLex Global (U.S. Academic Edition, Law Schools)  |d vLex Global (U.S. Academic Edition, excluding Law Schools)  |d vLex Global (Academic Edition, Law Schools) 
650 0 4 |a Administracin̤ pb︢lica  |x Funcionarios y empleados 
651 0 4 |a Espaą  |x Funcionarios i empleados 
710 2 |a Instituto Nacional de Administracin̤ Pb︢lica (Espaą) 
740 0 |a vLex Libros (Servicio en ln̕ea) 
856 4 0 |z Acceso restringido  |u http://vlex.com/source/funcionarios-ejemplares-caracter-liderazgo-administracion-espa-ola-11553 
942 |c BOOK 
999 0 |a Public administration